[Event "Venice Province-ch 71st"]
[Site "Venice Mestre"]
[Date "2011.11.16"]
[Round "5"]
[White "Gabassi, Cristina"]
[Black "Zanlorenzi, Marco"]
[Result "1-0"]
[WhiteElo "1628"]
[BlackElo "1444"]
[PlyCount "61"]
[EventDate "2011.01.14"]
[EventType "swiss"]
[EventRounds "5"]
[EventCountry "ITA"]
[SourceTitle "EXT 2022"]
[Source "ChessBase"]
[SourceDate "2021.10.06"]
[SourceVersion "1"]
[SourceVersionDate "2021.10.06"]
[SourceQuality "1"]

1. e4 e5 2. Nf3 Nf6 3. Nc3 Nc6 4. Bc4 b6 5. d3 Bb7 6. Bg5 Be7 7. 0-0 d6 8. Qd2 Na5 9. Bb3 Nxb3 10. axb3 h6 11. Bxf6 Bxf6 12. Nd5 Bxd5 13. exd5 0-0 14. Rfe1 Kh7 15. d4 Re8 16. dxe5 dxe5 17. Qd3+ g6 18. Ra4 Bg7 19. Rea1 f5 20. Qd2 e4 21. Ne1 Bxb2 22. R1a2 Qf6 23. Rxa7 Rxa7 24. Rxa7 e3 25. Rxc7+ Kg8 26. fxe3 Rxe3 27. Nf3 Re4 28. Rc6 Qf7 29. d6 Qa7 30. Rc8+ Kh7 31. Rc7+ 1-0

[Event "Mogliano Veneto op-C 32nd"]
[Site "Mogliano Veneto"]
[Date "2011.04.30"]
[Round "2"]
[White "Reginato, Dario"]
[Black "Zanlorenzi, Marco"]
[Result "0-1"]
[WhiteElo "1522"]
[BlackElo "1459"]
[PlyCount "56"]
[EventDate "2011.04.29"]
[EventType "swiss"]
[EventRounds "5"]
[EventCountry "ITA"]
[SourceTitle "EXT 2024"]
[Source "ChessBase"]
[SourceDate "2023.10.10"]
[SourceVersion "1"]
[SourceVersionDate "2023.10.10"]
[SourceQuality "1"]

1. d4 d5 2. c4 Nf6 3. Nc3 c6 4. e3 Nbd7 5. Nf3 e6 6. Qc2 Qc7 7. b3 e5 8. dxe5 Nxe5 9. Nxe5 Qxe5 10. Bd2 d4 11. Nd1 dxe3 12. Bc3 exf2+ 13. Kd2 Qf4+ 14. Ne3 Bc5 15. Qd3 Bf5 16. g3 Ne4+ 17. Kc2 Qxe3 18. Qxe3 Bxe3 19. Bd3 0-0 20. g4 Bg6 21. h4 Nc5 22. Bxg6 fxg6 23. Rad1 Ne4 24. Rhf1 Ng3 25. Rd7 Rf7 26. Rfd1 f1Q 27. Rxf1 Nxf1 28. Rd1 Bb6 0-1

[Event "Venice Province-ch 71st"]
[Site "Venice Mestre"]
[Date "2011.01.15"]
[Round "3"]
[White "Zanlorenzi, Marco"]
[Black "Dei Rossi, Davide"]
[Result "1-0"]
[WhiteElo "1444"]
[BlackElo "1486"]
[PlyCount "105"]
[EventDate "2011.01.14"]
[EventType "swiss"]
[EventRounds "5"]
[EventCountry "ITA"]
[SourceTitle "EXT 2022"]
[Source "ChessBase"]
[SourceDate "2021.10.06"]
[SourceVersion "1"]
[SourceVersionDate "2021.10.06"]
[SourceQuality "1"]

1. e4 c5 2. Nf3 Nc6 3. d4 cxd4 4. Nxd4 d6 5. Nc3 g6 6. Be3 Bd7 7. Nxc6 Bxc6 8. Bd4 e5 9. Be3 Bg7 10. Nd5 Ne7 11. Bg5 Bxd5 12. Qxd5 f6 13. Qb5+ Qd7 14. Qxd7+ Kxd7 15. Be3 Nc6 16. c3 Rhd8 17. Bd3 Ne7 18. f3 Ke8 19. 0-0 d5 20. Rfd1 d4 21. Bb5+ Kf8 22. cxd4 a6 23. Ba4 exd4 24. Bxd4 b5 25. Bb3 a5 26. a3 a4 27. Ba2 Rdc8 28. Bc3 Rc7 29. Rac1 Rac8 30. Be6 Bh6 31. Bxc8 Bxc1 32. Be6 Be3+ 33. Kf1 Ke8 34. Bxf6 Rc1 35. Rxc1 Bxc1 36. Ke2 Nc6 37. Bc3 Ke7 38. Bd5 Kd7 39. Bxc6+ Kxc6 40. g3 Bg5 41. f4 Be7 42. Kf3 Kd7 43. g4 Kc6 44. Kg3 b4 45. axb4 Kb5 46. f5 gxf5 47. gxf5 Bxb4 48. Be5 Kc4 49. Kf4 Kd3 50. f6 Bf8 51. Kf5 Bc5 52. f7 Bf8 53. Bc3 1-0